000 01507nam a2200385 c 4500
003 BLK
005 20240119005222.0
008 180408b bul|||||r ||||||| ||bul||
010 _aKNG00098023000
020 _a978-954-320-236-2
_bиздат.: Рива
040 _aBLK
041 _aBUL
_cBUL
072 7 _2bullib
_aН92
_xИстория Н
080 _aИстория на Чехословакия
_b943.7
_x
_z943.7
100 1 _aМауриц, Маркус
_eпърви автор
_9305337
139 _aМауриц, Маркус
_bМ 40
245 1 0 _aЧехия
_cМаркус Мауриц; прев. от нем. Евелина Борисова Банева.
257 _aDEU
260 София
_bРива
_c2009
_fВ. Търново : Абагар
300 _a296 с.
_bс диагр.
_c20 см
380 _a9
500 _aОриг. загл. Tschechien / Markus Mauritz. - Съдържа и Хронологична таблица ; Биографии ; Ист. места и забележителности.
650 4 _aЧехия - история
_9266174
651 4 _aЧехия
_9179785
653 _aЧехия
653 _aистория
659 _aН
700 _aБанева, Евелина Борисова
_d1954-
_eпрев. от нем.
_9368071
852 _aЦб 249799
856 4 _qpdf
_u
856 4 _qpdf
_u
942 _cKNG
_n0
944 _aCR
_c11.11.2010
_lCRON CRON
_k
944 _aED
_c26.02.2014
_lф /
_k
999 _c93231
_d93231